000 00317 a2200157 4500
001 192531
020 _a978-85-16-09131-6
040 _cMagnum
240 1 0 _aSupermercado
_lpor
245 1 0 _aSupermercado
300 _a9
362 0 _a2014
440 1 _aSalamandra
697 _aLITERATURA INFANTIL
942 _cBK
999 _c192531
_d192531